00672nam a2200241 a 4500001001300000003000900013005001700022008004100039020000800080082001600088100002700104245001900131260003800150300000900188500003500197505001000232650002100242700002700263902000800290942000700298952011200305999001300417nice12345678IN_TiNIC20260116011353.0050524s1969 luca grp 000 0 urd  ac800a297.5bNAD4 aNadwi, S Abulhasan Ali aArkaan-I-Arbaa aLucknowbMajlis-E-Tahqeeqatc1969 a363p aincludes index and biblioraphy2 aIndex aPillars of Islam1 aNadwi, S Abulhasan Ali bSRS cBK 001040708StackRoom-aHMIbHMId2007-07-03g8.00l0o297.5 NAD4p03871r2007-07-03v8.00w2005-05-24yBK c930d930